[Event "Australian op"]
[Site "Cammeray"]
[Date "2013.01.10"]
[Round "8"]
[White "Kethro, Michael"]
[Black "Egan, Bill"]
[Result "1-0"]
[WhiteElo "1785"]
[BlackElo "1716"]
[PlyCount "61"]
[EventDate "2013.01.02"]
[EventType "swiss"]
[EventRounds "11"]
[EventCountry "AUS"]
[SourceTitle "CBM 152 Extra"]
[Source "ChessBase"]
[SourceDate "2013.02.25"]
[SourceVersion "1"]
[SourceVersionDate "2013.02.25"]
[SourceQuality "1"]

1. d4 d5 2. c4 dxc4 3. Nf3 a6 4. a4 Nf6 5. Nc3 c5 6. e3 cxd4 7. exd4 Qc7 8. Ne5 Be6 9. Bf4 Qc8 10. d5 Bg4 11. Qd2 Nbd7 12. Nxc4 Bf5 13. Ne3 e5 14. Nxf5 exf4 15. Qxf4 g6 16. Nd6+ Bxd6 17. Qxd6 Qc5 18. Qxc5 Nxc5 19. Rd1 Kd7 20. f3 Rhe8+ 21. Kf2 Kd6 22. Bc4 Rac8 23. Ba2 Ncd7 24. Rhe1 Rxe1 25. Rxe1 Nc5 26. Rd1 Re8 27. g3 Ncd7 28. Rd4 Nc5 29. Bb1 Nfd7 30. Bc2 f5 31. b4 1-0

[Event "Australian op"]
[Site "Cammeray"]
[Date "2013.01.08"]
[Round "7"]
[White "Egan, Bill"]
[Black "Wilson, Peter John"]
[Result "1-0"]
[WhiteElo "1716"]
[BlackElo "1555"]
[PlyCount "117"]
[EventDate "2013.01.02"]
[EventType "swiss"]
[EventRounds "11"]
[EventCountry "AUS"]
[SourceTitle "CBM 152 Extra"]
[Source "ChessBase"]
[SourceDate "2013.02.25"]
[SourceVersion "1"]
[SourceVersionDate "2013.02.25"]
[SourceQuality "1"]

1. d4 e6 2. c4 b6 3. Nc3 Bb7 4. Bf4 Be7 5. e3 a6 6. Nf3 g5 7. Be5 Bf6 8. h4 Bxf3 9. Qxf3 Nc6 10. Bxf6 g4 11. Bxd8 gxf3 12. Bxc7 Nb4 13. 0-0-0 b5 14. Be5 f6 15. Bd6 Nc6 16. cxb5 axb5 17. Nxb5 Rxa2 18. Kb1 fxg2 19. Bxg2 Ra5 20. Bxc6 dxc6 21. Na3 Nh6 22. Rhg1 Rh5 23. Rc1 Nf5 24. Bg3 Kd7 25. Rc5 Rg8 26. e4 Rxh4 27. exf5 exf5 28. Rxf5 Rxd4 29. Rxf6 h5 30. Rh1 Rh8 31. Nc2 Rd3 32. Ne3 c5 33. Rd1 c4 34. Rxd3+ cxd3 35. Rd6+ Kc8 36. Rxd3 h4 37. Be5 Rh5 38. f4 h3 39. f5 h2 40. Bxh2 Rxh2 41. f6 Rf2 42. Ng4 Rf4 43. Rg3 Kd7 44. Kc2 Ke8 45. Kd3 Ra4 46. Re3+ Kf7 47. Re7+ Kf8 48. Re4 Ra2 49. b4 Rb2 50. Kc4 Rc2+ 51. Kb5 Rc8 52. Kb6 Rb8+ 53. Kc6 Rc8+ 54. Kd7 Rb8 55. Rf4 Rb5 56. Kc6 Rb8 57. b5 Rc8+ 58. Kb7 Rc1 59. Rb4 1-0

[Event "AUS-ch Major"]
[Site "Cammeray"]
[Date "2011.01.03"]
[Round "2"]
[White "Davis, Tony J"]
[Black "Egan, Bill"]
[Result "1-0"]
[WhiteElo "1895"]
[BlackElo "1740"]
[PlyCount "73"]
[EventDate "2011.01.02"]
[EventType "swiss"]
[EventRounds "11"]
[EventCountry "AUS"]
[SourceTitle "CBM 140 Extra"]
[Source "ChessBase"]
[SourceDate "2011.03.01"]
[SourceVersion "1"]
[SourceVersionDate "2011.03.01"]
[SourceQuality "1"]

1. Nc3 e6 2. d4 d5 3. Nf3 Nf6 4. Bg5 Be7 5. Bxf6 Bxf6 6. e4 dxe4 7. Nxe4 Nd7 8. Bc4 b6 9. Qe2 0-0 10. 0-0-0 Bb7 11. d5 e5 12. h4 a6 13. Nfg5 Nc5 14. Nxh7 Nxe4 15. Qxe4 Re8 16. Kb1 b5 17. Bb3 a5 18. c3 a4 19. Bc2 Ra6 20. Rh3 Rd6 21. g4 Bxd5 22. Nxf6+ gxf6 23. Qh7+ Kf8 24. Rhd3 Ke7 25. Qf5 Rh8 26. f4 Be6 27. Qe4 Qa8 28. Rxd6 cxd6 29. fxe5 fxe5 30. Qb4 Qc6 31. g5 Bc4 32. b3 axb3 33. axb3 Rxh4 34. bxc4 Rxc4 35. Qa3 Rxc3 36. Rxd6 Qh1+ 37. Rd1+ 1-0

[Event "AUS-ch Major"]
[Site "Cammeray"]
[Date "2010.01.11"]
[Round "9"]
[White "Egan, Bill"]
[Black "Craven, Mark"]
[Result "0-1"]
[WhiteElo "1431"]
[BlackElo "1655"]
[PlyCount "48"]
[EventDate "2010.01.02"]
[EventType "swiss"]
[EventRounds "11"]
[EventCountry "AUS"]
[SourceTitle "EXT 2011"]
[Source "ChessBase"]
[SourceDate "2010.11.26"]
[SourceVersion "1"]
[SourceVersionDate "2010.11.26"]
[SourceQuality "1"]

1. d4 Nf6 2. c4 e6 3. Nc3 Bb4 4. Bg5 c6 5. a3 Bxc3+ 6. bxc3 Qa5 7. Bd2 0-0 8. Nf3 Ne4 9. Qc2 Nxd2 10. Kxd2 f5 11. e3 d6 12. Bd3 e5 13. e4 exd4 14. Nxd4 fxe4 15. Bxe4 Rxf2+ 16. Ne2 Qg5+ 17. Ke1 Rf6 18. Bxh7+ Kh8 19. Be4 Na6 20. h4 Qe3 21. Rf1 Rxf1+ 22. Kxf1 Be6 23. Rd1 Bxc4 24. Rxd6 Qf4+ 0-1

[Event "AUS-ch Major"]
[Site "Cammeray"]
[Date "2010.01.04"]
[Round "3"]
[White "Egan, Bill"]
[Black "Stahnke, Alexander"]
[Result "0-1"]
[WhiteElo "1431"]
[BlackElo "1701"]
[PlyCount "70"]
[EventDate "2010.01.02"]
[EventType "swiss"]
[EventRounds "11"]
[EventCountry "AUS"]
[SourceTitle "EXT 2011"]
[Source "ChessBase"]
[SourceDate "2010.11.26"]
[SourceVersion "1"]
[SourceVersionDate "2010.11.26"]
[SourceQuality "1"]

1. d4 Nf6 2. c4 g6 3. Nc3 Bg7 4. e4 0-0 5. Be2 d6 6. Bg5 Nbd7 7. Qd2 c5 8. d5 Qa5 9. Nf3 Re8 10. 0-0 Nf8 11. h3 a6 12. Bd3 Bd7 13. e5 dxe5 14. Nxe5 Ne4 15. Nxe4 Qxd2 16. Bxd2 Bxe5 17. Nxc5 Bxb2 18. Rab1 Bd4 19. Nxd7 Nxd7 20. Rxb7 Nc5 21. Rb3 Nxb3 22. axb3 a5 23. Re1 Bc5 24. Kf1 Reb8 25. Bc2 Kf8 26. Re4 a4 27. bxa4 Rb2 28. Bh6+ Ke8 29. Re2 Rb4 30. Re4 f5 31. Rf4 Bd6 32. Rh4 Rb2 33. Bd3 Rxa4 34. g4 Bg3 35. Bg7 Rxf2+ 0-1

[Event "AUS-ch Major"]
[Site "Cammeray"]
[Date "2010.01.03"]
[Round "2"]
[White "Guo, Emma"]
[Black "Egan, Bill"]
[Result "1-0"]
[WhiteElo "1812"]
[BlackElo "1431"]
[PlyCount "55"]
[EventDate "2010.01.02"]
[EventType "swiss"]
[EventRounds "11"]
[EventCountry "AUS"]
[SourceTitle "EXT 2011"]
[Source "ChessBase"]
[SourceDate "2010.11.26"]
[SourceVersion "1"]
[SourceVersionDate "2010.11.26"]
[SourceQuality "1"]

1. d4 d5 2. Nf3 a6 3. Bf4 e6 4. e3 Bd6 5. Bg3 Nf6 6. Bd3 0-0 7. Nbd2 b5 8. Ne5 Bb7 9. Bh4 c5 10. c3 cxd4 11. exd4 Nc6 12. Bxf6 Qxf6 13. Nd7 Qg5 14. Nxf8 Qxg2 15. Qf3 Qxf3 16. Nxf3 Rxf8 17. 0-0 b4 18. Rfe1 a5 19. Rac1 a4 20. Bb5 a3 21. Bxc6 axb2 22. Bxb7 bxc1Q 23. Rxc1 Rb8 24. Ba6 Ra8 25. Bb5 Rxa2 26. cxb4 Bxb4 27. Rc8+ Bf8 28. Ne5 1-0

[Event "Oceania zt"]
[Site "Gold Coast"]
[Date "2009.06.20"]
[Round "1"]
[White "Morris, James"]
[Black "Egan, Bill"]
[Result "1-0"]
[WhiteElo "2114"]
[BlackElo "1795"]
[PlyCount "51"]
[EventDate "2009.06.20"]
[EventType "swiss"]
[EventRounds "9"]
[EventCountry "AUS"]
[SourceTitle "CBM 130 Extra"]
[Source "ChessBase"]
[SourceDate "2009.07.02"]
[SourceVersion "2"]
[SourceVersionDate "2009.07.15"]
[SourceQuality "1"]

1. e4 e6 2. Nc3 d5 3. d4 dxe4 4. Nxe4 Bd7 5. Nf3 Bc6 6. Bd3 Bxe4 7. Bxe4 c6 8. Bd2 Nd7 9. c4 Ngf6 10. Bc2 Qc7 11. Bc3 Bd6 12. 0-0 h6 13. Re1 0-0-0 14. b4 g5 15. Qe2 Rhf8 16. Rab1 Rde8 17. Ba4 Nh5 18. g3 f5 19. c5 Be7 20. b5 g4 21. bxc6 Nxc5 22. dxc5 Bxc5 23. Qxe6+ Kb8 24. Be5 Bd6 25. Qxd6 Rc8 26. Rxb7+ 1-0

[Event "Doeberl Cup Major 47th"]
[Site "Canberra"]
[Date "2009.04.12"]
[Round "5"]
[White "Dickson, Ian C"]
[Black "Egan, Bill"]
[Result "1-0"]
[WhiteElo "1528"]
[BlackElo "1795"]
[PlyCount "47"]
[EventDate "2009.04.10"]
[EventType "swiss"]
[EventRounds "6"]
[EventCountry "AUS"]
[SourceTitle "CBM 129 Extra"]
[Source "ChessBase"]
[SourceDate "2009.05.05"]
[SourceVersion "2"]
[SourceVersionDate "2009.05.20"]
[SourceQuality "1"]

1. e4 e6 2. d4 d5 3. e5 c5 4. c3 Nc6 5. Nf3 Bd7 6. Bd3 Qb6 7. dxc5 Bxc5 8. 0-0 Nh6 9. b4 Be7 10. a4 Ng4 11. Qe2 Qc7 12. Bf4 h5 13. h3 Nh6 14. Na3 g5 15. Nb5 Qb8 16. Nxg5 a6 17. Nd6+ Bxd6 18. exd6 Ng8 19. Be5 Nxe5 20. Qxe5 f6 21. Bg6+ Kd8 22. Nf7+ Kc8 23. Qd4 Rh6 24. Qb6 1-0

[Event "Queenstown op"]
[Site "Queenstown"]
[Date "2009.01.20"]
[Round "6"]
[White "Egan, Bill"]
[Black "Mortensen, Henrik"]
[Result "1-0"]
[WhiteElo "1776"]
[BlackElo "2022"]
[PlyCount "97"]
[EventDate "2009.01.15"]
[EventType "swiss"]
[EventRounds "10"]
[EventCountry "NZL"]
[SourceTitle "CBM 128 Extra"]
[Source "ChessBase"]
[SourceDate "2009.03.05"]
[SourceVersion "2"]
[SourceVersionDate "2009.03.25"]
[SourceQuality "1"]

1. d4 Nc6 2. c4 e5 3. d5 Nce7 4. Nc3 d6 5. e4 f5 6. f4 Nf6 7. fxe5 dxe5 8. Bd3 f4 9. Nf3 Ng6 10. 0-0 Bc5+ 11. Kh1 Ng4 12. Qe2 0-0 13. Na4 Be7 14. Bd2 Qe8 15. Nc3 a6 16. Nd1 Nh4 17. Be1 Qh5 18. h3 Nxf3 19. Qxf3 Nf6 20. Qxh5 Nxh5 21. Be2 Nf6 22. Bf3 b6 23. Bc3 Bd6 24. Nf2 Bb7 25. Nd3 Rae8 26. Rfe1 g5 27. b4 c5 28. bxc5 bxc5 29. Rab1 Bc8 30. Rb6 Bc7 31. Rc6 Bb8 32. Rxc5 g4 33. hxg4 Nxg4 34. Rxc8 Rxc8 35. Bxg4 Rxc4 36. Bxe5 Bxe5 37. Nxe5 Ra4 38. Re2 Rf6 39. Nf3 Rh6+ 40. Kg1 Rc4 41. Bh3 Rc1+ 42. Kf2 Rb6 43. e5 Kf8 44. d6 Rcb1 45. d7 Ke7 46. Rd2 Rb8 47. Ng5 R1b2 48. d8Q+ Rxd8 49. Rxb2 1-0

[Event "Queenstown op"]
[Site "Queenstown"]
[Date "2009.01.16"]
[Round "2"]
[White "Egan, Bill"]
[Black "Charmova, Evgenia"]
[Result "1-0"]
[WhiteElo "1776"]
[BlackElo "1981"]
[PlyCount "73"]
[EventDate "2009.01.15"]
[EventType "swiss"]
[EventRounds "10"]
[EventCountry "NZL"]
[SourceTitle "CBM 128 Extra"]
[Source "ChessBase"]
[SourceDate "2009.03.05"]
[SourceVersion "2"]
[SourceVersionDate "2009.03.25"]
[SourceQuality "1"]

1. d4 d5 2. c4 e6 3. Nc3 Nf6 4. cxd5 exd5 5. Bf4 c6 6. e3 Bf5 7. Bd3 Bxd3 8. Qxd3 Nbd7 9. Nf3 Nh5 10. Bg3 Nxg3 11. hxg3 Nf6 12. a3 Bd6 13. b4 a5 14. b5 Qe7 15. bxc6 bxc6 16. Na4 Ne4 17. 0-0 0-0 18. Rfb1 Rfb8 19. Rxb8+ Rxb8 20. Qa6 Bxa3 21. Qxa5 h6 22. Ne5 Qd6 23. Qa7 Rf8 24. Qd7 Qb4 25. Nxc6 Qd2 26. Qf5 g6 27. Qf3 Bc1 28. Ne7+ Kg7 29. Nxd5 Qe1+ 30. Kh2 Nxf2 31. Rxc1 Qxc1 32. Qxf2 f5 33. Nac3 Ra8 34. Qf4 Rf8 35. Qe5+ Kg8 36. Qe6+ Rf7 37. Qxg6+ 1-0

[Event "AUS-ch Major"]
[Site "Parramatta"]
[Date "2008.01.05"]
[Round "6"]
[White "Christensen, Joshua"]
[Black "Egan, Bill"]
[Result "0-1"]
[WhiteElo "1656"]
[BlackElo "1565"]
[PlyCount "89"]
[EventDate "2008.01.02"]
[EventType "swiss"]
[EventRounds "11"]
[EventCountry "AUS"]
[SourceTitle "EXT 2010"]
[Source "ChessBase"]
[SourceDate "2010.11.25"]
[SourceVersion "1"]
[SourceVersionDate "2010.11.25"]
[SourceQuality "1"]

1. d4 d5 2. c4 dxc4 3. Nf3 a6 4. e3 b5 5. a4 Bb7 6. b3 e6 7. bxc4 bxc4 8. Bxc4 Be7 9. 0-0 Nf6 10. Nbd2 0-0 11. Qb3 Bd5 12. Ba3 Bxa3 13. Rxa3 Nbd7 14. Qd3 Qe7 15. Rc3 Nb6 16. Bxd5 Nbxd5 17. Rc4 Nb6 18. Rc6 Nfd5 19. Qb3 Nb4 20. Rc5 a5 21. Rfc1 Rfc8 22. Nc4 Nxc4 23. Qxc4 c6 24. Ne5 Qb7 25. Nxc6 Nxc6 26. Rxc6 Rxc6 27. Qxc6 Qxc6 28. Rxc6 g6 29. Kf1 Kg7 30. Ke2 Kf6 31. Kd3 Ra7 32. Rc5 Ke7 33. Kc4 Rb7 34. Rxa5 Rb2 35. Ra7+ Kf6 36. a5 Rxf2 37. a6 Rxg2 38. Rb7 Ra2 39. a7 g5 40. Kc5 h5 41. Kb6 g4 42. Rb8 h4 43. a8Q Rxa8 44. Rxa8 Kg5 45. Rg8+ 0-1